Moje prvé aktivity tvary, farby, zvieratká, slová, autá

Bibliographic Details
Main Author: Šebianová, Radka (Author, Illustrator)
Format: Book
Language:Slovak
PhysicalDescription:18 nečíslovaných strán farebné ilustrácie 30 cm
Published: [Banská Bystrica] DALI-BB, s.r.o. 2023
ISBN:9788081413179
Edition:1. vydanie
Subjects:

MARC

LEADER 00000nam a2200000 4500
001 vtls012252085
003 SK-MaSNL
005 20260301192502.0
008 240306s2023 xo a a 000 0 slo
015 |a SNBA2024/03 
020 |a 9788081413179  |q (hrebeňová väzba) 
040 |a SNK  |b slo  |c SNK  |e rda 
041 0 |a slo 
044 |a xo  |c SK 
072 7 |a 0/9-053.2  |x Literatúra pre deti a mládež (náučná)  |2 konspekt 
072 7 |a 373.2/.3  |x Predškolská a primárna výchova a vzdelávanie  |2 konspekt 
080 |a 373.2  |2 2011 
080 |a 379.82/.84  |2 2011 
080 |a 159.946.4  |2 2011 
080 |a (076.1)  |2 2011 
080 |a (0.053.2)  |2 2011 
100 1 |a Šebianová, Radka  |4 aut  |4 ill  |9 496046 
245 1 0 |a Moje prvé aktivity  |b tvary, farby, zvieratká, slová, autá  |c autorka: Radka Šebianová ; ilustrácie: Radka Šebianová 
250 |a 1. vydanie 
264 1 |a [Banská Bystrica]  |b DALI-BB, s.r.o.  |c 2023 
300 |a 18 nečíslovaných strán  |b farebné ilustrácie  |c 30 cm 
336 |a text  |b txt  |2 rdacontent 
336 |a statický obraz  |b sti  |2 rdacontent 
337 |a bez média  |b n  |2 rdamedia 
338 |a zväzok  |b nc  |2 rdacarrier 
500 |a Miesto vydania podľa NA ISBN 
500 |a Pod názvom je uvedené: skooys 
521 8 |a Pre deti od 3 rokov 
650 0 7 |a predškolská výchova  |2 SNKPH  |9 3959 
650 0 7 |a zručnosti a znalosti  |2 SNKPH  |9 74214 
650 0 7 |a grafomotorika  |2 SNKPH  |9 27199 
650 0 7 |a Preschool education  |2 SNKPHeng  |9 267868 
650 0 7 |a Ability and knowledge  |2 SNKPHeng  |9 302421 
650 0 7 |a Graphomotorics  |2 SNKPHeng  |9 313020 
655 7 |a pracovné zošity  |2 SNKPH  |9 70188 
655 7 |a publikácie pre deti  |2 SNKPH  |9 70148 
655 7 |a Activity books  |2 SNKPHeng  |9 302885 
655 7 |a Publications for children  |2 SNKPHeng  |9 276792 
852 |a Slovenská národná knižnica 
919 |a 978-80-8141-317-9 
954 |a odborná, vedecká literatúra pôvodná (slovenská)  |2 lita 
954 |a ilustrované knihy, leporelá, komiksy pôvodné (slovenské)  |2 lita 
958 |a DB 
999 |c 874320  |d 876250 
952 |a SNK  |b SNK  |y PREZ  |7 0  |p 17A1542399  |o snkOSB 21258  |i snk2024/3814  |8 0  |0 0  |1 0  |4 0  |d 2024-03-06  |l 0  |r 2026-02-24 05:53:50  |w 2026-02-24 
952 |a SNK  |b SNK  |y PREZ  |7 0  |p 17A1542398  |o snkOSB 21258 D1  |i snk2024/3815  |8 0  |0 0  |1 0  |4 0  |d 2024-03-06  |l 0  |r 2026-02-24 05:53:50  |w 2026-02-24